[Event "ICS rated blitz match"]
[Site "204.178.125.65"]
[Date "1999.08.18"]
[Round "?"]
[White "Slivovitz"]
[Black "Hossa"]
[Result "0-1"]
[WhiteElo "2152"]
[BlackElo "2321"]
[Annotator "Fritz 5.32 (15s)"]
[PlyCount "40"]
[EventDate "1999.??.??"]

1. e4 1... e5 {Opening = C50 - 3.Bc4(Bc5 4.---)} 2. Nf3 Nc6 3. Bc4 Bc5 4. Nc3
4... f6 $146 {Staerkt g5} (4... Nd4 5. d3 Nxf3+ 6. Qxf3 Nf6 7. Bg5 d6 8. Nd5
Be6 9. Nxf6+ gxf6 10. Bxe6 fxe6 11. Bxf6 Qd7 12. Bxh8 O-O-O 13. Bf6 Rf8 14. c3
Qf7 15. b4 Qxf6 16. Qxf6 Rxf6 17. bxc5 dxc5 18. O-O h5 19. Rab1 {
Kinscher,K-Ladage,T/Wallertheim 1994/GER/1-0 (35)}) (4... Nge7 5. O-O (5. d3
O-O 6. O-O d6 7. h3 Ng6 8. Be3 Bxe3 9. fxe3 Na5 10. Bb3 Nxb3 11. axb3 a6 12.
Qe1 c6 13. Kh1 Qf6 14. Qg3 Be6 15. Rf2 Rad8 16. Raf1 Qe7 17. Ng5 Rd7 18. Ne2 f6
19. Nf3 19... f5 {Hager,I-Rose,A/Schwarzburg 1997/EXT 99/ - (43)}) 5... O-O 6.
a3 d6 7. Be2 f5 8. Bc4+ Kh8 9. Ng5 Qe8 10. d3 Qg6 11. Kh1 f4 12. Nf3 Bg4 13.
Ne2 Bxf3 14. gxf3 Qh5 15. Ng1 Rf6 16. c3 Rh6 17. h3 Rf8 18. Qb3 Nd8 19. Bd2
Rff6 20. Kh2 Rfg6 21. Bf7 Nxf7 22. Qxf7 22... Qg5 {
0-1 Lakovic,M-Cepon,D/Ljubljana 1993/EXT 97 (22)}) (4... a6 5. d3 d6 6. Be3 (6.
Ng5 Nh6 7. h3 Na5 8. Nf3 Nxc4 9. dxc4 Ng8 10. a3 Be6 11. b4 Ba7 12. Qd3 h6 13.
Nd5 Qd7 14. Be3 Bxe3 15. Nxe3 Nf6 16. Nd5 Nh5 17. O-O-O O-O 18. g4 Bxd5 19.
gxh5 Be6 20. Nxe5 20... Qc8 {Kuyper,A-Lemmen,G/Haarlem 1988/EXT 98/0-1 (32)})
6... Nf6 7. a3 O-O 8. O-O Bg4 9. h3 Bh5 10. g4 Nxg4 11. hxg4 Bxg4 12. Kg2 Kh8
13. Qd2 f5 14. Rh1 Bxe3 15. Qxe3 f4 16. Qd2 Bxf3+ 17. Kxf3 Nd4+ 18. Kg2 Qg5+
19. Kf1 Rf6 20. f3 Rh6 21. Rxh6 Qxh6 22. Qg2 Rf8 23. Nd5 c6 24. Ne7 Nxc2 25.
Re1 Nxe1 26. Kxe1 26... Qh4+ {0-1 Pitschka,C-Kreuzer,M/Bayern 1987/EXT 97 (26)}
) 5. a3 {Verwehrt dem Gegner b4} 5... Nge7 6. d3 d6 7. h3 {Befestigt g4} 7...
Na5 8. Ba2 Bb6 9. d4 Nac6 10. Be3 $11 (10. d5 10... Nd4 $14) 10... exd4 11.
Nxd4 f5 12. O-O fxe4 13. Nxe4 d5 14. Nxc6 bxc6 15. Nc5 $11 (15. Qh5+ $5 $142
15... Ng6 16. Ng5 $16) 15... O-O 16. f3 $17 {Sichert g4} (16. Re1 $5 $11 $142 {
bedarf naeherer Analyse}) 16... Qd6 17. b4 Bxh3 18. Kh1 $19 (18. Qd2 $5 $142
18... Qg3 19. Rae1 $17) 18... Nf5 19. Bf2 (19. Re1 Qg3 20. gxh3 Rae8 21. Bxd5+
cxd5 22. Qxd5+ 22... Kh8 $19) 19... Ng3+ (19... Bxg2+ 20. Kxg2 Qg6+ 21. Kh2
Qh5+ 22. Kg1 Qg5+ 23. Bg3 Qxg3+ 24. Kh1 Qh3+ 25. Kg1 $19) 20. Bxg3 Qxg3 (20...
Qxg3 21. Qd2 21... Bf5 $19) 0-1

[Event "ICS rated blitz match"]
[Site "204.178.125.65"]
[Date "1999.08.18"]
[Round "?"]
[White "Hossa"]
[Black "Slivovitz"]
[Result "1-0"]
[WhiteElo "2330"]
[BlackElo "2143"]
[Annotator "Fritz 5.32 (15s)"]
[PlyCount "193"]
[EventDate "1999.??.??"]

1. d4 1... Nf6 {Opening = E81 - 5.f3 0-0(6.Be3 ---)} 2. c4 g6 3. Nc3 Bg7 4. e4
d6 5. f3 O-O 6. Be3 a6 7. Bd3 c6 8. a4 Nbd7 (8... Nfd7 9. Qd2 c5 10. d5 Qa5 11.
Rc1 Ne5 12. Be2 Qb4 13. Nd1 Qxa4 14. Bh6 Qb4 15. Rc3 b5 16. Bxg7 Kxg7 17. f4
Nxc4 18. Bxc4 bxc4 19. Nf3 Nd7 20. O-O Nb6 21. Qf2 Bd7 22. Qh4 f6 23. f5 {
Astolfi,F-Georgiev,K/Cappelle 1992/EXT 97/0-1 (47)}) 9. Nge2 e5 10. O-O 10...
Qe7 $146 (10... exd4 11. Nxd4 Nc5 12. Bc2 a5 13. Qd2 Qb6 14. Rfd1 Qb4 15. b3
Rd8 16. Rac1 Bd7 17. Nce2 Qb6 18. Kh1 Rac8 19. Rb1 Be8 20. Nf4 Qc7 21. Nd3 Nfd7
22. Qf2 Nxd3 23. Bxd3 Nc5 24. Bf1 Qe7 25. Qd2 {
Cisneros,L-Caselas,J/Oropesa del Mar 1996/EXT 98/0-1 (47)}) (10... Re8 11. Qd2
c5 12. d5 h5 13. Bg5 Qc7 14. Rfb1 Nh7 15. Be3 Rb8 16. b4 b6 17. b5 17... a5 {
- Nadj,A-Rozhic,I/Tallinn 1997/EXT 98 (17)}) 11. d5 {Weiss gewinnt Raum} 11...
c5 12. Qd2 Ne8 13. b3 Nc7 14. Bh6 $11 (14. a5 14... Rb8 $14) 14... b6 $14 (
14... Bxh6 15. Qxh6 b6 16. a5 $11) 15. Bxg7 $11 (15. Be3 $5 $14) 15... Kxg7 16.
Rfe1 a5 17. Nb5 {Hier steht der weisse Springer gut} 17... Na6 18. Rad1 18...
Nb4 {Von b4 entfaltet der Springer einige Wirkung} 19. Bb1 Nb8 20. Ng3 N8a6 21.
Re2 Nc7 22. Nxc7 Qxc7 23. Rde1 Qd8 24. f4 f6 25. Rf2 {Weiss plant f5} 25... Ra7
26. Rff1 Raf7 27. f5 {Raumvorteil} 27... Rh8 28. fxg6 28... hxg6 {Sichert f5+h5
} 29. Re3 Rh7 30. Ne2 Qh8 31. h3 {Ueberdeckt g4} 31... Bd7 32. Qc3 Qd8 33. Rg3
Rh6 34. Qe3 Kh7 35. Rgf3 Kg7 36. Nc3 Qe7 37. Qd2 Qf8 38. Na2 Nxa2 39. Bxa2
39... Kh7 $14 (39... f5 40. Qc3 $11) 40. Qf2 {Alles auf f6!} 40... g5 41. Qe3
$15 (41. Qg3 41... Qg7 $11) 41... Kg7 $11 (41... g4 $5 42. hxg4 42... Bxg4 $15)
42. Qe1 Qh8 43. Qg3 $15 (43. Rg3 $5 $11 {steht zur Diskussion}) 43... Kf8 44.
Kf2 44... Ke7 $15 (44... Rh4 $5 45. Ke3 45... Qh6 $17) 45. Ke1 Rg6 46. Bb1
46... Qg7 $11 (46... g4 47. hxg4 Rh7 48. R3f2 $15) 47. R3f2 47... Rh6 $11 (
47... g4 $5 48. Qc3 gxh3 49. gxh3 49... Qh6 $17) 48. Bd3 $15 (48. Qe3 g4 49.
hxg4 49... Bxg4 $15) 48... Rh4 $11 (48... g4 49. hxg4 Bxg4 50. Qe3 $15) 49. Rf3
$15 (49. Bc2 $5 $11 {ist die kritische Fortsetzung}) 49... Rf4 $11 (49... Qh6
$5 $15 {ist interessant}) 50. R1f2 Qf8 51. Kf1 Rh7 52. Kg1 $17 (52. Be2 $5 $11
{kam sehr in Betracht}) 52... Kd8 53. Re2 Kc7 54. Rff2 $19 (54. Ref2 $5 $17)
54... Rhh4 55. Rxf4 (55. Qe3 55... Qh6 $19) 55... exf4 (55... Rxf4 $6 56. Re1
$15) 56. Qf3 (56. Qe1 Qh6 57. Qd2 57... g4 $19) 56... Qe7 $4 $17 {
vergibt den Vorteil} (56... Qh6 $142 {und Schwarz gewinnt} 57. Rf2 Bxh3 58.
gxh3 58... Rxh3 $19) 57. Rd2 Qe5 58. Rf2 Kd8 59. Qe2 $19 (59. Rf1 $5 $17 $142)
59... Qe7 $15 (59... g4 $5 $142 60. hxg4 60... Bxg4 $19) 60. Qd2 Qg7 61. Qc3
Ke7 62. Bf1 Qh6 63. Qe1 g4 64. Rxf4 64... Qxf4 $15 (64... Rxh3 65. gxh3 Qxf4
66. hxg4 66... Qf3 $11) 65. Qxh4 Qe3+ 66. Kh2 Qxe4 67. Qg3 gxh3 68. gxh3 {
Deckt g4} 68... Qe5 69. Qxe5+ fxe5 70. Bd3 Kf6 71. Kg3 Kg5 72. Be4 Bf5 73. h4+
Kf6 74. Bxf5 Kxf5 75. Kf3 Kg6 76. Kg4 Kh6 77. h5 e4 78. Kf4 Kxh5 79. Ke3 79...
Kg4 {Schwarz aktiviert den Koenig} 80. Kxe4 Kg5 81. Kf3 Kf5 82. Kg3 82... Ke4
$4 $18 {laesst den Gewinn aus. Der schwarze Koenig wird gefaehrlich} (82... Kg5
$11 $142 {bringt noch Rettung}) 83. Kg4 Ke5 84. Kg5 Kd4 85. Kf5 Kc3 86. Ke6
Kxb3 87. Kxd6 Kxc4 (87... Kxa4 {aendert nichts am Ausgang der Partie} 88. Kc6
b5 89. d6 (89. cxb5 $6 89... c4 90. b6 90... c3 $11) 89... bxc4 90. d7 $18) 88.
Kc6 b5 89. d6 $1 {kraeftig gespielt} 89... bxa4 90. d7 a3 91. d8=Q a2 92. Qxa5
Kb3 93. Kxc5 {Es droht Matt} 93... Kb2 (93... Kc2 {holt die Kuh nicht vom Eis}
94. Kd4 Kb2 95. Qd2+ Kb1 96. Kd3 a1=N 97. Kc3 Nc2 98. Qxc2+ Ka1 99. Qb2#) 94.
Kc4 a1=Q (94... a1=N {macht keinen grossen Unterschied} 95. Qb6+ Nb3 96. Qxb3+
Kc1 97. Qa2 Kd1 98. Kd3 Ke1 99. Qe2#) 95. Qd2+ Ka3 (95... Kb1 {
hilft auch nicht mehr} 96. Kb3 Qa4+ 97. Kxa4 Ka1 98. Kb3 Kb1 99. Qb2#) 96. Qb4+
Ka2 97. Qb3# 1-0

[Event "ICS rated blitz match"]
[Site "204.178.125.65"]
[Date "1999.08.18"]
[Round "?"]
[White "Slivovitz"]
[Black "Hossa"]
[Result "1/2-1/2"]
[WhiteElo "2135"]
[BlackElo "2338"]
[Annotator "Fritz 5.32 (15s)"]
[PlyCount "36"]
[EventDate "1999.??.??"]

1. e4 1... e5 {Opening = C50 - 3.Bc4(Bc5 4.---)} 2. Nf3 Nc6 3. Bc4 Bc5 4. Nc3
4... f6 $146 {Kontrolliert g5} (4... Nd4 5. d3 Nxf3+ 6. Qxf3 Nf6 7. Bg5 d6 8.
Nd5 Be6 9. Nxf6+ gxf6 10. Bxe6 fxe6 11. Bxf6 Qd7 12. Bxh8 O-O-O 13. Bf6 Rf8 14.
c3 Qf7 15. b4 Qxf6 16. Qxf6 Rxf6 17. bxc5 dxc5 18. O-O h5 19. Rab1 {
Kinscher,K-Ladage,T/Wallertheim 1994/GER/1-0 (35)}) (4... Nge7 5. O-O (5. d3
O-O 6. O-O d6 7. h3 Ng6 8. Be3 Bxe3 9. fxe3 Na5 10. Bb3 Nxb3 11. axb3 a6 12.
Qe1 c6 13. Kh1 Qf6 14. Qg3 Be6 15. Rf2 Rad8 16. Raf1 Qe7 17. Ng5 Rd7 18. Ne2 f6
19. Nf3 19... f5 {Hager,I-Rose,A/Schwarzburg 1997/EXT 99/ - (43)}) 5... O-O 6.
a3 d6 7. Be2 f5 8. Bc4+ Kh8 9. Ng5 Qe8 10. d3 Qg6 11. Kh1 f4 12. Nf3 Bg4 13.
Ne2 Bxf3 14. gxf3 Qh5 15. Ng1 Rf6 16. c3 Rh6 17. h3 Rf8 18. Qb3 Nd8 19. Bd2
Rff6 20. Kh2 Rfg6 21. Bf7 Nxf7 22. Qxf7 22... Qg5 {
0-1 Lakovic,M-Cepon,D/Ljubljana 1993/EXT 97 (22)}) (4... a6 5. d3 d6 6. Be3 (6.
Ng5 Nh6 7. h3 Na5 8. Nf3 Nxc4 9. dxc4 Ng8 10. a3 Be6 11. b4 Ba7 12. Qd3 h6 13.
Nd5 Qd7 14. Be3 Bxe3 15. Nxe3 Nf6 16. Nd5 Nh5 17. O-O-O O-O 18. g4 Bxd5 19.
gxh5 Be6 20. Nxe5 Qc8 21. Ng4 Bxg4 22. hxg4 Qxg4 23. f3 Qf4+ 24. Kb1 b5 25.
Rdf1 a5 26. cxb5 axb4 27. axb4 Ra4 28. c3 Rfa8 29. Kb2 Ra2+ 30. Kb3 R8a3+ 31.
Kc4 Rd2 32. Qb1 32... d5+ {0-1 Kuyper,A-Lemmen,G/Haarlem 1988/EXT 98 (32)})
6... Nf6 7. a3 O-O 8. O-O Bg4 9. h3 Bh5 10. g4 Nxg4 11. hxg4 Bxg4 12. Kg2 Kh8
13. Qd2 f5 14. Rh1 Bxe3 15. Qxe3 f4 16. Qd2 Bxf3+ 17. Kxf3 Nd4+ 18. Kg2 Qg5+
19. Kf1 Rf6 20. f3 Rh6 21. Rxh6 Qxh6 22. Qg2 Rf8 23. Nd5 c6 24. Ne7 Nxc2 25.
Re1 Nxe1 26. Kxe1 26... Qh4+ {0-1 Pitschka,C-Kreuzer,M/Bayern 1987/EXT 97 (26)}
) 5. a3 {Staerkt b4} 5... Nge7 6. d3 d6 7. h3 {Befestigt g4} 7... Na5 8. Ba2
Bb6 9. O-O Nac6 10. Nh4 10... Bd7 $2 $18 (10... Nd4 $14 $142 {
und Schwarz kann noch kaempfen}) 11. Qh5+ g6 12. Qh6 d5 13. Nxd5 {Droht Matt}
13... Nxd5 14. exd5 (14. Nxg6 $142 {ist genauer} 14... Rg8 15. Bxd5 Rxg6 16.
Qxh7 Rxg2+ 17. Kxg2 Qe7 18. Qh5+ Kd8 19. Qh8+ Be8 20. Bxc6 20... bxc6 $18)
14... Nd4 15. Nxg6 $4 $11 {wirft den Vorteil weg} (15. c3 $142 {
und Weiss bekommt die Oberhand} 15... Ne2+ 16. Kh2 $18) 15... Nf5 16. Qh5 Ng7
17. Qh6 Nf5 18. Qh5 Ng7 1/2-1/2

[Event "ICS rated blitz match"]
[Site "204.178.125.65"]
[Date "1999.08.18"]
[Round "?"]
[White "TheBorg"]
[Black "Hossa"]
[Result "1-0"]
[WhiteElo "2612"]
[BlackElo "2336"]
[Annotator "Fritz 5.32 (15s)"]
[PlyCount "58"]
[EventDate "1999.??.??"]

1. e4 1... e5 {Opening = C51 - 4.b4 (Bb4 5.c3 ---)} 2. Nf3 Nc6 3. Bc4 Bc5 4. b4
Bxb4 5. c3 Be7 6. d4 exd4 7. Qb3 (7. cxd4 d6 8. Qb3 Na5 9. Bxf7+ Kf8 10. Qa4
Kxf7 11. Qxa5 c6 12. Qa4 Nf6 13. Nc3 Rf8 14. Qb3+ d5 15. Bg5 Kg8 16. O-O Kh8
17. Bxf6 Bxf6 18. exd5 Bg4 19. Ne5 Bxe5 20. dxe5 Qg5 21. f4 21... Rxf4 {
Espinoza Flores,R-Hernandez,G/MEX-ch plof 1994/EXT 97/ - (49)}) 7... dxc3 $146
{Auf den muss Weiss aufpassen} (7... Na5 8. Bxf7+ Kf8 9. Qa4 Kxf7 (9... Nc6 10.
Bb3 h6 11. cxd4 a5 12. Qc4 Bb4+ 13. Bd2 Bxd2+ 14. Nbxd2 Qf6 15. e5 Qe7 16. O-O
b5 17. Qc2 Ra7 18. d5 Nxe5 19. Nxe5 Qxe5 20. Qc5+ {
1-0 Ortiz Aguirre,N-Molina,G/Pensilvania COL 1998/EXT 99 (20)}) (9... dxc3 10.
Bxg8 Rxg8 11. Qxa5 d6 12. Nxc3 Bf6 13. O-O b6 14. Qa3 Bb7 15. Re1 h6 16. Bb2 g5
17. Nd5 Bxd5 18. exd5 g4 19. Nd4 Kf7 20. Ne6 Qd7 21. Bxf6 Kxf6 22. Qe3 Rg6 23.
Qf4+ {1-0 Goeldi,H-Avram,I/Pizol 1997/EXT 99 (23)}) 10. Qxa5 d5 11. exd5 Bf6
12. O-O b6 13. Qb5 dxc3 14. Qb3 Nh6 15. Nxc3 Nf5 16. Bf4 Nd6 17. Rac1 Ba6 18.
Bxd6 Bxf1 19. Ba3 Bd3 20. d6+ Kg6 21. Nd5 Bf5 22. Nf4+ Kh6 23. h3 cxd6 24. g4
g5 25. Qd5 gxf4 26. Qxf5 Rg8 27. Rd1 Rg6 28. Rxd6 Qe7 29. Rd7 Qxa3 30. Qh5# {
1-0 Raffalt,M-Halser,W/Graz 1994/EXT 98 (30)}) 8. Bxf7+ {
Weiss erhaelt Koenigsangriff} 8... Kf8 9. Nxc3 Na5 10. Qa4 Bf6 11. Qxa5 11...
Bxc3+ $11 (11... b6 $5 12. Qb4+ 12... Kxf7 $15) 12. Qxc3 Kxf7 13. Ng5+ Kf8 14.
e5 Ke8 15. O-O h6 16. Ne4 Ne7 17. Ba3 17... Ng6 $4 $18 (17... Nf5 $11 $142 {
war der letzte Versuch}) 18. e6 Rg8 (18... dxe6 19. Qxg7 Qd4 20. Qxg6+ Kd7 21.
Rac1 c5 22. Bxc5 Qc4 23. Bb6 Kc6 24. Rxc4+ Kxb6 25. Rb1+ Ka5 26. Qh5+ e5 27.
Qxe5+ Ka6 28. Qb5#) 19. exd7+ Qxd7 20. Rfe1 20... Ne7 {
Wenn Schwarz nun zu Kf7 kommt, geht es ihm besser} 21. Rad1 $1 {
das wars. Droht Matt} 21... Qxd1 (21... Kf7 {nuetzt auch nichts mehr} 22. Rxd7
Bxd7 23. Qxc7 $18) 22. Rxd1 {Mit der Mattdrohung Qxc7} 22... Nc6 23. Qg3 {
Es droht Matt} 23... Kf7 24. Qb3+ Kg6 25. Qxg8 {Droht Matt: Bb2} 25... Bg4 26.
Qxa8 {Mit der Mattdrohung Qe8} 26... Bxd1 {Wenn Schwarz jetzt zu Kh7 kaeme...}
27. Qe8+ $1 {ein boeses Schach} 27... Kf5 {Schwarz droht, mit Nd4 kontern} 28.
Ng3+ Kg5 29. f4+ Kh4 1-0

[Event "ICS rated blitz match"]
[Site "204.178.125.65"]
[Date "1999.08.18"]
[Round "?"]
[White "Hossa"]
[Black "TheBorg"]
[Result "0-1"]
[WhiteElo "2331"]
[BlackElo "2617"]
[Annotator "Fritz 5.32 (15s)"]
[PlyCount "73"]
[EventDate "1999.??.??"]

1. d4 1... Nf6 {Opening = E30 - 4.Bg5(h6 5.Bh4 c5 6.d5 ---)} 2. c4 e6 3. Nc3
Bb4 4. Bg5 h6 5. Bh4 c5 6. d5 Nxd5 (6... O-O 7. e3 d6 8. Bd3 Bxc3+ 9. bxc3 e5
10. Qc2 g5 11. Bg3 Nh5 12. Qd1 Nxg3 13. hxg3 Kg7 14. g4 Nd7 15. Ne2 Nf6 16. Ng3
Bxg4 17. f3 Bd7 18. Bf5 Rh8 19. Qb1 Rb8 20. a4 Kf8 21. Kf2 {
Balashov,Y-Taimanov,M/Vilnius 1975/MCL/0-1 (35)}) 7. Bxd8 Nxc3 8. Qb3 (8. Qd2
Na4 9. Qxb4 cxb4 10. Ba5 Nxb2 11. e3 Nc6 12. Rb1 Nxc4 13. Bxb4 Nxb4 14. Rxb4
Ne5 15. Bc4 a5 16. Ra4 Nxc4 17. Rxc4 b5 18. Rc7 Kd8 19. Rc5 Bb7 20. Ne2 b4 21.
O-O d6 22. Rc2 Kd7 23. Rb1 23... Be4 {
0-1 Hein,T-Zubavicius,K/Marijampole 1996/EXT 98 (23)}) 8... Ne4+ 9. Qxb4 $146 {
Weiss muss Material zurueckgeben} (9. Kd1 Nxf2+ 10. Kc2 Kxd8 11. Qg3 Nxh1 12.
Qxg7 Re8 13. Nh3 Nc6 14. e3 f5 15. Be2 b6 16. Rxh1 Re7 17. Qf6 Kc7 18. Bf3 Re8
19. Bxc6 Kxc6 20. Nf4 d6 21. Nd3 Ba5 22. a3 b5 23. cxb5+ Kxb5 24. Qf7 Rd8 25.
Nf4 Kc6 26. Rd1 d5 27. Nxe6 Bxe6 28. Qxe6+ Rd6 29. Qxf5 Re8 30. Qf7 Ra8 31. g4
Bb6 32. h4 Rad8 33. g5 hxg5 34. hxg5 R6d7 35. Qf5 c4 36. g6 d4 37. exd4 Bxd4
38. Qe6+ Kc5 39. Rf1 Rd6 40. Qe4 Rg8 41. Rf5+ Kb6 42. Rf7 Rgxg6 43. Qb7+ Kc5
44. Rf5+ {1-0 Yrjola,J-Havansi,E/Kuopio 1992/EXT 97 (44)}) 9... cxb4 10. Bh4
Nc6 11. f3 11... Nc5 {Eine wichtige Figur} 12. Bf2 12... b6 {Deckt c5} 13. e4
O-O 14. O-O-O b3 15. a3 {Verwehrt dem Gegner b4} 15... Na5 16. Be2 $17 (16. Rd6
16... e5 $15) 16... Ba6 17. Bxc5 bxc5 18. Rxd7 Nxc4 19. Bxc4 {
Der Laeufer ist gut postiert} 19... Bxc4 20. Nh3 Bb5 21. Rb7 a6 22. Rd1 Rad8
23. Nf2 Rd4 24. Rc7 $19 (24. Rxd4 $5 $142 24... cxd4 25. Rc7 $17) 24... Rc4+ {
Schwarz haelt das Heft fest in der Hand} 25. Kb1 Rc2 26. a4 26... Bxa4 $1 {
ganz unerschrocken} (26... Rxf2 $6 27. axb5 axb5 28. Rxc5 $17) 27. Nd3 (27. Ng4
Rxg2 28. h4 $19) 27... Rd8 28. g4 (28. Nf2 {aendert nichts mehr} 28... Rdd2 (
28... Rxf2 29. Rxd8+ Kh7 30. Rxc5 $15) 29. Rxd2 Rxd2 30. Rxc5 30... Rxf2 $19)
28... Bb5 29. Nf2 Rdd2 (29... Rxf2 $6 {waere hingegen schwach, denn} 30. Rxd8+
Kh7 31. Rxc5 Rxh2 32. Rc3 $17) 30. Rxd2 Rxd2 31. Rxc5 31... Rxf2 {
Droht Matt: Rf1} 32. Kc1 Rxf3 33. Rc8+ Kh7 34. Rd8 Rf2 35. h3 Rc2+ 36. Kb1
36... Re2 {Droht Matt} 37. Kc1 0-1

[Event "ICS rated blitz match"]
[Site "204.178.125.65"]
[Date "1999.08.18"]
[Round "?"]
[White "TheBorg"]
[Black "Hossa"]
[Result "1-0"]
[WhiteElo "2622"]
[BlackElo "2326"]
[Annotator "Fritz 5.32 (15s)"]
[PlyCount "94"]
[EventDate "1999.??.??"]

1. e4 1... c5 {Opening = B56 - 5.Nc3(Nc6 6.---)} 2. Nf3 d6 3. d4 cxd4 4. Nxd4
Nf6 5. Nc3 e5 6. Bb5+ Bd7 7. Bxd7+ Qxd7 8. Nf5 Nxe4 9. Nxg7+ Bxg7 10. Nxe4 d5
11. Bh6 11... dxe4 $146 (11... O-O 12. Bxg7 Kxg7 13. Ng3 (13. Qh5 f5 14. O-O-O
fxe4 15. Qxe5+ Rf6 16. Rxd5 Qe6 17. Qg3+ Rg6 18. Qc3+ Qf6 19. Qc8 Qc6 20. Qd8
Qf6 21. Qc8 Qc6 22. Qd8 Qf6 23. Qc8 {
- Kotter,R-Ostermeyer,P/BL2-W 1992/GER-chT2 (23)}) 13... f5 (13... Nc6 14. O-O
f5 15. f4 e4 16. Qh5 d4 17. Qh3 Rad8 18. Rad1 Kh8 19. Ne2 Qd5 20. Qh6 Qc4 21.
Rd2 e3 22. b3 Qc5 23. Rd3 Qxc2 24. Rxd4 Nxd4 25. Nxd4 Qc3 26. Ne2 Qb2 27. Re1
Qxa2 28. h3 {Janosevic,D-Bertok,M/Ljubljana 1960/MCD/0-1 (45)}) 14. f4 exf4 15.
Qd4+ Kg8 16. Qxf4 Qe6+ 17. Kd2 Qf6 18. Rhf1 Nc6 19. Nxf5 Kh8 20. Qh6 Qxb2 21.
Rab1 Qf6 22. Qxf6+ Rxf6 23. Rxb7 Rg8 24. g3 Na5 25. Re7 Nc6 26. Ree1 Rgf8 27.
g4 Nd4 28. Re5 Rc6 29. Nxd4 {1-0 Panbukchian,V-Kovacevic,V/Pula 1990/TD (29)})
12. Bxg7 {Schwarz kann nicht kurz rochieren} 12... Rg8 13. Bxe5 Rxg2 14. Qxd7+
Nxd7 15. Bg3 Rc8 16. c3 e3 17. Kf1 (17. fxe3 {ist klar schwaecher} 17... Rxb2
18. Rf1 18... Rxc3 $19) 17... Rxf2+ 18. Bxf2 exf2 19. Kxf2 Rc6 20. Rhe1+ Kd8
21. Rad1 Rf6+ 22. Ke3 Re6+ 23. Kd4 Rd6+ 24. Ke4 Rh6 25. Re2 Re6+ 26. Kf3 Rxe2
27. Kxe2 Ke7 28. Rg1 a5 29. Rg3 b6 30. b4 axb4 (30... a4 31. Rg8 $18) 31. cxb4
Ke6 32. Rh3 {Weiss geht zum Angriff ueber} 32... Nf6 33. a4 h5 34. a5 bxa5 (
34... Kd7 {aendert nichts mehr} 35. a6 Kc8 36. Rf3 $18) 35. bxa5 {
Der Freibauer a5 ist ein wichtiges Motiv. Droht Re3} 35... Nd5 36. a6 Nb6 (
36... Nf4+ {aendert den traurigen Lauf der Dinge nicht} 37. Kf2 Nxh3+ 38. Kg3
$18) 37. a7 {Weiss plant Rb3} 37... Na8 38. Rxh5 {
Der Freibauer h2 greift sofort ein} 38... Kd7 39. Rh8 {Mit der Mattdrohung Rxa8
} 39... Nc7 40. h4 Ke6 41. Rc8 {Es droht Matt} 41... Nb5 42. a8=Q {
Mit der Mattdrohung Qe4} 42... Nd6 (42... Nd4+ {hilft allerdings auch nicht}
43. Kd3 Ke7 44. Rc7+ Kd6 45. Qd8+ Ke5 46. Qxd4+ Ke6 47. Rc6+ Ke7 48. Qd6+ Ke8
49. Rc8#) 43. Qc6 Ke5 (43... Ke7 {waere gleichermassen fruchtlos} 44. Rc7+ Ke6
45. Qd7+ Kd5 46. Rc6 Ke5 47. Qxd6+ Kf5 48. Kf3 f6 49. Qxf6#) 44. Qc5+ Ke6 45.
Rc6 f6 46. Qxd6+ Kf5 (46... Kf7 {nuetzt auch nichts mehr} 47. Qe6+ Kg7 48.
Qxf6+ Kg8 49. Rc8+ Kh7 50. Rh8#) 47. Qxf6+ (47. Qd3+ Kf4 48. Rc5 Kg4 49. Rc4+
Kh5 50. Qh7#) 47... Ke4 1-0

[Event "ICS rated blitz match"]
[Site "204.178.125.65"]
[Date "1999.08.18"]
[Round "?"]
[White "Hossa"]
[Black "TheBorg"]
[Result "0-1"]
[WhiteElo "2321"]
[BlackElo "2627"]
[Annotator "Fritz 5.32 (15s)"]
[PlyCount "159"]
[EventDate "1999.??.??"]

1. d4 1... d5 {Opening = D20 - 3.---} 2. c4 dxc4 3. e4 e5 4. Nf3 exd4 5. Bxc4
Bb4+ 6. Nbd2 Nc6 7. O-O Nf6 8. e5 Nd5 9. Nb3 {
Steigert den Druck auf den Bauern d4} 9... Nb6 10. Bg5 Be7 11. Bxe7 Nxe7 12.
Bd3 Bf5 13. Nfxd4 Bxd3 14. Qxd3 O-O 15. Rad1 Qd5 16. Qe2 16... Ng6 $146 (16...
Qc4 17. Qxc4 Nxc4 18. Rc1 Nxe5 19. Rxc7 Nd5 20. Rxb7 Rfb8 21. Rxb8+ Rxb8 22.
Rd1 Nb4 23. a3 Nbd3 24. Rd2 g5 25. Kf1 Re8 26. Na5 f5 27. b4 f4 28. b5 g4 29.
Nac6 f3 30. gxf3 gxf3 31. Nxf3 Nxf3 32. Rxd3 Nxh2+ 33. Kg2 Ng4 34. Nxa7 {
1-0 Beliavsky,A-Tal,M/Reykjavik 1988/CBM 10 (34)}) (16... Nc6 17. Nxc6 Qxc6 18.
Na5 Qa4 19. Nxb7 Qxa2 20. Nc5 Qc4 21. Qe3 Rfe8 22. b3 Qb5 23. f4 Rad8 24. Rxd8
Rxd8 25. h3 a5 26. Rc1 Nd5 27. Qe4 Qb4 28. Rc4 Qd2 29. e6 Ne3 30. e7 Qe1+ 31.
Kh2 31... Ng4+ {0-1 Nikolic,P-Huebner,R/Barcelona 1989/CBM 12 (31)}) 17. Rfe1
$11 (17. f4 17... Rae8 $14) 17... Rfe8 {Der Druck auf e5 waechst} 18. Nf3 Qc4
19. Qe3 19... Qf4 $14 (19... c6 20. Rd6 $11) 20. Qxf4 Nxf4 21. Nc5 Rab8 22. Rd4
Ne6 23. Nxe6 Rxe6 24. Red1 Rbe8 25. Rd8 25... f6 {Sichert g5} 26. exf6 26...
gxf6 {Befestigt e5+g5} 27. Rxe8+ Rxe8 28. Rd2 Kf7 29. h4 Re4 30. g3 Nc4 31.
Rd7+ Re7 32. Rxe7+ Kxe7 33. b3 Nb2 34. g4 Nd3 35. a4 Kd6 36. g5 $15 (36. Kg2
36... Kc5 $15) 36... fxg5 37. Nxg5 37... h6 $11 (37... Nc5 38. Nxh7 Ke6 39. h5
$11) 38. Ne4+ $17 (38. Nf7+ $5 {ist nicht von der Hand zu weisen} 38... Kc5 39.
Nxh6 $11) 38... Ke5 39. Nc3 c5 40. Ne2 40... Ke4 {Aktiver Koenig im Endspiel}
41. Kg2 41... Ne1+ {Schwarz haelt das Heft fest in der Hand} 42. Kh3 Kd3 43.
Ng3 Kc2 44. Ne4 Nd3 (44... Kxb3 $6 {ist sichtlich schlechter} 45. Nxc5+ Kb4 46.
Nxb7 Kxa4 47. Kg4 $11) 45. Kg4 Kxb3 46. a5 (46. f4 c4 47. f5 c3 (47... Kxa4 $6
48. f6 Ne5+ 49. Kf5 $17) 48. Nxc3 48... Kxc3 $19) 46... c4 47. Nd2+ Kb4 48. Nf1
48... Kxa5 {Der Freibauer a7 wird eine wichtige Rolle spielen} 49. Ne3 Kb4 50.
f4 c3 51. f5 Kb3 52. f6 c2 53. Nxc2 Kxc2 54. Kf5 (54. Kh5 Nf4+ 55. Kxh6 55...
Kd3 $19) 54... Nc5 55. f7 Nd7 56. Ke6 Nf8+ 57. Ke7 Nh7 58. f8=R (58. Ke6 {
aendert nichts am Ausgang der Partie} 58... a5 59. Kf5 59... a4 $19) 58... Nxf8
59. Kxf8 a5 60. Kf7 a4 61. Ke7 a3 62. Ke8 a2 63. h5 a1=Q 64. Kf7 Qe5 65. Kg6
Qxh5+ (65... b5 66. Kxh6 Qf6+ 67. Kh7 b4 68. Kg8 b3 69. Kh7 b2 70. Kg8 b1=Q 71.
Kh7 Qb7+ 72. Kg8 Qbf7#) 66. Kh7 (66. Kxh5 {lenkt den Gegner vielleicht noch ab}
66... b5 67. Kxh6 $19) 66... Qf7+ $1 {ein unangenehmes Schach} 67. Kh8 67...
Qg7+ $19 (67... Qe8+ 68. Kg7 Kd3 69. Kh7 Ke4 70. Kxh6 Qg8 71. Kh5 Kf5 72. Kh4
Qg4#) 68. Kxg7 h5 69. Kg6 h4 70. Kf5 h3 71. Ke4 h2 72. Kd5 Kd3 73. Ke6 73...
Kd4 {Droht Matt} 74. Kd6 74... h1=Q {Droht Matt: Qd5} 75. Kd7 (75. Ke7 {
kann das Vorangegangene nicht ungeschehen machen} 75... Ke5 76. Kd7 Qc1 77. Ke7
Qc7+ 78. Ke8 Ke6 79. Kf8 Qf7#) 75... Qd5+ 76. Kc8 b5 77. Kc7 Kc5 78. Kb8 Qd7
79. Ka8 Kb6 80. Kb8 0-1